000 00659nam a2200181Ia 4500
008 090123s9999 xx 000 0 und d
082 _b36878
_a921.423/देशपांडे
100 _aदेशपांडे पुरूषोत्तम लक्ष्मण
245 _aगांधीजी
250 _a2
260 _bराजहंस
_c2004
300 _a88
600 _aदेशपांडे पुरूषोत्तम लक्ष्मण
630 _aगांधीजी
700 _aदेशपांडे पुरूषोत्तम लक्ष्मण
730 _aगांधीजी
942 _cBOOK
999 _c74946
_d74946